| 000 | 00918cam a2200265 a 4500 | ||
|---|---|---|---|
| 999 |
_c6887 _d6887 |
||
| 001 | 4497910 | ||
| 003 | GBCCL | ||
| 005 | 20241126110614.0 | ||
| 008 | 970618s1995 enkab e 000 0 eng | ||
| 010 | _a 97163573 | ||
| 020 | _a0276422139 | ||
| 040 |
_aDLC _cDLC |
||
| 050 | 0 | 0 |
_aG63 _b.G85 1995 |
| 082 | 0 | 0 |
_a910.3 _221 _bREA |
| 245 | 0 | 0 |
_aGuide to places of the world. _cReader's digest |
| 246 | 3 | _aReader's Digest guide to places of the world | |
| 260 |
_aLondon ; _aNew York : _bReader's Digest Association, _cc1987. |
||
| 300 |
_a735 p. : _bcol. ill., col. maps ; _c29 cm. |
||
| 500 | _aAt head of title: Reader's Digest. | ||
| 650 | 0 |
_aGeography _xEncyclopedias. _912303 |
|
| 710 | 2 |
_aReader's Digest Association (Great Britain) _912304 |
|
| 906 |
_a7 _bcbc _corignew _d2 _encip _f19 _gy-gencatlg |
||
| 942 |
_2ddc _cREF |
||